| 000 | 00865nam a2200229Ii 4500 | ||
|---|---|---|---|
| 003 | JO-AjNU | ||
| 008 | 230605s9999||||xx |||||||||||||| ||und|| | ||
| 017 | _a9957-16-379-2 | ||
| 020 | _a9957-16-379-2 | ||
| 040 |
_aJO-AjNU _bara _erda _cJO-AjNU |
||
| 041 | _aara | ||
| 050 | 1 | 4 | _aKMM272.K3691.2008 |
| 100 | 3 |
_a كنعان ، نواف , _eauthor _911708 |
|
| 245 | 0 | 0 | _aالقانون الإداري : الكتاب الأول : ماهية القانون الإداري ، التنظيم الإداري ، النشاط الإداري |
| 250 | _aط1 | ||
| 264 | 3 | 1 | _aعمان : دار الثقافة ، 2008 |
| 300 | _a365ص | ||
| 336 |
_atext _btxt _2rdacontent |
||
| 337 |
_aunmediated _bn _2rdamedia |
||
| 338 |
_avolume _bnc _2rdacarrier |
||
| 650 | 4 |
_aالقانون الإداري -- القرارات الإدارية -- الخدمة المدنية _911709 |
|
| 999 |
_aA2464 _c6032 _d6032 |
||